000 00307nam a2200133Ia 4500
100 _aDieter/ G.E.
942 _cBK
654 _aMechanical Metallurgy
245 _aMechanical Metallurgy
260 _bMcGraw Hill International
_aNew York
_c1987
082 _a620.1
300 _a751
546 _aENGLISH
999 _c22097
_d22097